Statystyki dla Stolice świata najbliżej Lizbony

Kliknij tutaj aby rozwiązać quiz!

Ogólne statystyki

  • Ten quiz został rozwiązany 407 razy
  • Średni wynik to 14 z 20

Statystyki odpowiedzi

kmkapitał% Poprawnych
503Madryt
99%
1454Paryż
97%
1865Rzym
92%
1588Londyn
86%
1715Bruksela
81%
994Andora
79%
1866Amsterdam
78%
1642Dublin
74%
1631Berno
73%
1714Luksemburg
71%
1890San Marino
67%
1863Watykan
67%
1492Monako
64%
1100Algier
63%
568Rabat
61%
1780Vaduz
58%
1711Tunis
55%
2113Valletta
48%
2099Lublana
39%
2113Trypolis
35%

Rozkład punktacji

Percentyl według liczby udzielonych odpowiedzi

Procent ludzi z każdym wynikiem

Twoja historia wyników

Nie rozwiązałeś tego quizu